[Event "GER-ch U10 Girls"]
[Site "Willingen"]
[Date "2023.05.31"]
[Round "6"]
[White "Lange, Lene Marie"]
[Black "Guruprasad, Aditi"]
[Result "1/2-1/2"]
[WhiteElo "1168"]
[BlackElo "893"]
[PlyCount "54"]
[EventDate "2023.05.27"]
[EventType "swiss"]
[EventRounds "11"]
[EventCountry "GER"]
[SourceTitle "CBM 214 Extra"]
[Source "ChessBase"]
[SourceDate "2023.07.31"]
[SourceVersion "1"]
[SourceVersionDate "2023.07.31"]
[SourceQuality "1"]

1. e4 e5 2. Nf3 Nc6 3. Bc4 Bc5 4. Nc3 Nf6 5. 0-0 h6 6. d3 0-0 7. Be3 Bb6 8. Qd2 Bxe3 9. fxe3 d6 10. d4 exd4 11. exd4 Re8 12. Rfe1 Na5 13. Bd3 Nc6 14. d5 Nb4 15. a3 Nxd3 16. Qxd3 Bg4 17. h3 Bxf3 18. Qxf3 Re5 19. Rad1 Qe7 20. Re3 Re8 21. Rde1 c6 22. dxc6 bxc6 23. Kf2 g5 24. Qe2 h5 25. g4 hxg4 26. hxg4 Qe6 27. Kg3 d5 1/2-1/2

[Event "GER-ch U10 Girls"]
[Site "Willingen"]
[Date "2023.05.30"]
[Round "5"]
[White "Guruprasad, Aditi"]
[Black "Birkenheier, Larissa"]
[Result "1/2-1/2"]
[WhiteElo "893"]
[BlackElo "1210"]
[PlyCount "43"]
[EventDate "2023.05.27"]
[EventType "swiss"]
[EventRounds "11"]
[EventCountry "GER"]
[SourceTitle "CBM 214 Extra"]
[Source "ChessBase"]
[SourceDate "2023.07.31"]
[SourceVersion "1"]
[SourceVersionDate "2023.07.31"]
[SourceQuality "1"]

1. e4 e5 2. Nf3 Nc6 3. Bc4 Bc5 4. d3 h6 5. c3 Nf6 6. h3 0-0 7. 0-0 d6 8. b4 Bb6 9. a4 a5 10. b5 Ne7 11. Re1 c6 12. Na3 Ng6 13. bxc6 bxc6 14. Be3 Re8 15. Bxb6 Qxb6 16. Rb1 Qc7 17. Re2 Rb8 18. Reb2 Be6 19. Rxb8 Rxb8 20. Rxb8+ Qxb8 21. Bxe6 fxe6 22. d4 1/2-1/2